000 00548nam a2200217Ia 4500
005 20260429112134.0
008 260429s9999||||xx |||||||||||||| ||und||
020 _a9789349557291
041 _aEnglish
082 _a294.521
_bNAG
100 _aNagar, Shantilal
245 0 _aVisnu (the preserver) /
_cShantilal Nagar
250 _a1st ed.
260 _aDelhi :
_bB. R. Publishing Corporation,
_c2026.
300 _aix, 145 p.; hb
440 _aHoly Books
650 _a Art
650 _a Hindu Deity
650 _aVishnu
942 _cTB
999 _c52547
_d52547